000 00738nam a2200217 a 4500
001 4078
003 MO
005 20170314100653.0
008 081222s19uu xx 00 eng d
020 _a0-14-130112-0
050 _aTR
_bD11 1998
100 _aDahl, Roald
245 _aCharlie and the great glass elevator /
_cby Roald Dahl ; illustrated by Quentin Blake.
260 _aNew York :
_bScholastic,
_c1998.
300 _a159 p. ; 24 cm.
520 _aTaking up where Charlie and the Chocolate Factory leaves off, Charlie, his family, and Mr. Wonka find themselves launched into space in the great glass elevator.
650 _aOuter space
_xFiction.
700 _aBlake, Quentin, ill.
942 _2ddc
_cBK
999 _c110701
_d110701